US States With Three Borders - Statistics

General Stats
  • This quiz has been taken 66 times
  • The average score is 6 of 9
Answer Stats
State % Correct
New Hampshire
82%
California
80%
Michigan
77%
Vermont
75%
North Dakota
72%
Connecticut
67%
New Jersey
60%
Delaware
55%
Louisiana
48%
No matching quizzes found
Score Distribution
Percent of People with Each Score
Percentile by Number Answered
Your Score History
You have not taken this quiz